<?xml version="1.0" encoding="UTF-8"?><?xml-stylesheet type="text/xsl" href="static/style.xsl"?><OAI-PMH xmlns="http://www.openarchives.org/OAI/2.0/" xmlns:xsi="http://www.w3.org/2001/XMLSchema-instance" xsi:schemaLocation="http://www.openarchives.org/OAI/2.0/ http://www.openarchives.org/OAI/2.0/OAI-PMH.xsd"><responseDate>2026-04-13T07:03:12Z</responseDate><request verb="GetRecord" identifier="oai:www.recercat.cat:2072/441464" metadataPrefix="marc">https://recercat.cat/oai/request</request><GetRecord><record><header><identifier>oai:recercat.cat:2072/441464</identifier><datestamp>2025-05-08T09:26:33Z</datestamp><setSpec>com_2072_98</setSpec><setSpec>col_2072_378192</setSpec></header><metadata><record xmlns="http://www.loc.gov/MARC21/slim" xmlns:dcterms="http://purl.org/dc/terms/" xmlns:xsi="http://www.w3.org/2001/XMLSchema-instance" xmlns:doc="http://www.lyncode.com/xoai" xsi:schemaLocation="http://www.loc.gov/MARC21/slim http://www.loc.gov/standards/marcxml/schema/MARC21slim.xsd">
   <leader>00925njm 22002777a 4500</leader>
   <datafield ind2=" " ind1=" " tag="042">
      <subfield code="a">dc</subfield>
   </datafield>
   <datafield ind2=" " ind1=" " tag="720">
      <subfield code="a">Ballart, Xavier</subfield>
      <subfield code="e">author</subfield>
   </datafield>
   <datafield ind2=" " ind1=" " tag="720">
      <subfield code="a">Galais Gonzàlez, Carolina</subfield>
      <subfield code="e">author</subfield>
   </datafield>
   <datafield ind2=" " ind1=" " tag="260">
      <subfield code="c">2018</subfield>
   </datafield>
   <datafield ind2=" " ind1=" " tag="520">
      <subfield code="a">Comparar los resultados de los equipos de atención primaria en Cataluña en función de su modelo de gestión y evaluar el impacto de un modelo de gestión conocido como gestión por entidades de base asociativa (EBA). Llevamos a cabo un análisis comparado multidimensional siguiendo una lógica cuasi-experimental a partir de comparar los centros gestionados a través del modelo EBA con otros centros gestionados por el sector público a través del Instituto Catalán de la Salud (ICS) o por el tercer sector a través de consorcios hospitalarios. Barcelona, Cataluña, España. Tenemos en cuenta 368 observaciones (centros de atención primaria) y 18 parámetros medidos en 2015. Distintos métodos de gestión. Comparación de indicadores de actividad, efectividad en el proceso asistencial y eficiencia antes y después de controlar por el indicador socioeconómico del área básica de salud y las características de la región sanitaria. Test de diferencias significativas en las medias de los indicadores según modelo de gestión una vez realizado el emparejamiento conforme a variables clave mediante la técnica Propensity Score Matching. Diferencias significativas en el indicador de carga de trabajo por profesional médico de familia, en cinco indicadores de efectividad en el proceso asistencial y en el coste por usuario. La diversificación del modelo de gestión a través del modelo EBA muestra resultados que se pueden interpretar a favor del mantenimiento o de la ampliación de la aplicación de este modelo de gestión. Si bien los centros gestionados a través del modelo EBA se han implantado en áreas de nivel socioeconómico medio o alto, sus resultados continúan siendo significativamente positivos una vez se controla por el nivel socioeconómico de su área.</subfield>
   </datafield>
   <datafield tag="653" ind2=" " ind1=" ">
      <subfield code="a">Atención primaria</subfield>
   </datafield>
   <datafield tag="653" ind2=" " ind1=" ">
      <subfield code="a">Resultados</subfield>
   </datafield>
   <datafield tag="653" ind2=" " ind1=" ">
      <subfield code="a">Comparación</subfield>
   </datafield>
   <datafield tag="653" ind2=" " ind1=" ">
      <subfield code="a">Gestión</subfield>
   </datafield>
   <datafield tag="653" ind2=" " ind1=" ">
      <subfield code="a">Pública</subfield>
   </datafield>
   <datafield tag="653" ind2=" " ind1=" ">
      <subfield code="a">Privada</subfield>
   </datafield>
   <datafield tag="653" ind2=" " ind1=" ">
      <subfield code="a">Tercer sector</subfield>
   </datafield>
   <datafield tag="653" ind2=" " ind1=" ">
      <subfield code="a">Primary health</subfield>
   </datafield>
   <datafield tag="653" ind2=" " ind1=" ">
      <subfield code="a">Performance</subfield>
   </datafield>
   <datafield tag="653" ind2=" " ind1=" ">
      <subfield code="a">Comparison</subfield>
   </datafield>
   <datafield tag="653" ind2=" " ind1=" ">
      <subfield code="a">Management</subfield>
   </datafield>
   <datafield tag="653" ind2=" " ind1=" ">
      <subfield code="a">Public</subfield>
   </datafield>
   <datafield tag="653" ind2=" " ind1=" ">
      <subfield code="a">Private</subfield>
   </datafield>
   <datafield tag="653" ind2=" " ind1=" ">
      <subfield code="a">Third sector</subfield>
   </datafield>
   <datafield ind2="0" ind1="0" tag="245">
      <subfield code="a">¿Gestión pública, privada o por el tercer sector? Diferencias en los resultados en atención primaria de Cataluña</subfield>
   </datafield>
</record></metadata></record></GetRecord></OAI-PMH>